000 00799cam a2200205 4500
001 WB3636-31
008 000000n2000 000 0 eng u
035 _a(Sirsi) u108333
245 _aARLA launches referred tenancy database
260 _c2000
490 _aNegotiator
_v15 (17) 8 September 2000, 5(1)
520 _aThe Association of Residential Letting Agents has launched its Database of Referred Tenancies to its member agents. The service is designed to identify both poor landlords and bad tenants, and thus keep them clear of all ARLA members.
590 _aWB
650 _aASSOCIATION OF RESIDENTIAL LETTING AGENTS
650 _aDATABASE OF REFERRED TENANCIES
650 _aLANDLORDS
650 _aTENANTS
690 _aPROPERTY MANAGEMENT-RESIDENTIAL PROPERTY
942 _n0
999 _c64676
_d64676